Top 30 złotej piłki 2023 - Statystyki

Ogólne statystyki
  • Ten quiz został rozwiązany 315 razy
  • Średni wynik to 10 z 30
Statystyki odpowiedzi
Miejsce Piłkarz % Poprawnych
1 Lionel Messi
99%
2 Erling Haaland
83%
12 Robert Lewandowski
81%
3 Kylian Mbappe
80%
6 Vinicius Jr.
58%
4 Kevin De Bruyne
57%
5 Rodri
52%
16 Karim Benzema
44%
11 Mohamed Salah
42%
10 Luka Modric
40%
19 Harry Kane
37%
18 Jude Bellingham
37%
9 Bernardo Silva
34%
7 Julian Alvarez
32%
30 Ruben Dias
28%
24 Bukayo Saka
19%
26 Jamal Musiala
19%
22 Kim Min-Jae
19%
20 Lautaro Martinez
18%
8 Victor Osimhen
17%
15 Emiliano Martinez
15%
14 Ilkay Gundogan
15%
13 Yassine Bounou
12%
21 Antoine Griezmann
11%
28 Martin Odegaard
10%
23 Andre Onana
9%
17 Khvicha Kvaratskhelia
8%
27 Nicolo Barella
7%
25 Josko Gvardiol
6%
29 Randal Kolo Muani
5%
Nie znaleziono quizów pasujących do podanych kryteriów
Rozkład punktacji
Procent ludzi z każdym wynikiem
Percentyl według liczby udzielonych odpowiedzi
Twoja historia wyników
Nie rozwiązałeś tego quizu